000 00405nam a2200157 i 4500
001 129245
003 ES-MaACL
005 20230906193451.0
007 t|
008 070611s1908 ag ||||1| spa d
100 1 _aTerán, Juan B.
_9109724
245 1 0 _aEstudios y notas /
_cJuan Bautista Terán.
260 _aTucumán :
_b[s.n.],
_c1908.
300 _a287 p. ;
_c19 cm.
852 _aES-MaACL
_jG-7739
999 _c129245
_d129245